000 00277nam a22001337a 4500
003 SGT
082 _a370
_bC16S
100 _aSEN, AMRIT
245 _aCONCEPT OF TEACHING
260 _aNEW DELHI
_bSUDERSHAN PUB
_c2016
300 _a195
650 _aEDUCATION
942 _2ddc
_cBK
999 _c12128
_d12128